[Event "USA tt"]
[Site "ICC INT"]
[Date "2009.09.28"]
[Round "5"]
[White "Kapengut, Albert Z"]
[Black "Pasalic, Mehmed"]
[Result "1-0"]
[WhiteElo "2430"]
[BlackElo "2343"]
[PlyCount "73"]
[EventDate "2009.08.31"]
[EventType "team (rapid)"]
[EventRounds "10"]
[EventCountry "USA"]
[SourceTitle "CBM 132 Extra"]
[Source "ChessBase"]
[SourceDate "2009.11.03"]
[SourceVersion "1"]
[SourceVersionDate "2009.11.03"]
[SourceQuality "1"]

1. e4 c5 2. Nf3 d6 3. d4 cxd4 4. Nxd4 Nf6 5. Nc3 Nc6 6. Be3 Ng4 7. Bb5 Nxe3 8. fxe3 Bd7 9. 0-0 e6 10. Bxc6 bxc6 11. Qf3 Qf6 12. Qe2 Qd8 13. e5 d5 14. Qf3 Qe7 15. b4 g6 16. b5 c5 17. e4 Bg7 18. exd5 0-0 19. Nc6 Bxc6 20. dxc6 Bxe5 21. Rae1 Bd4+ 22. Kh1 Rab8 23. a4 f5 24. Nd5 Qf7 25. Ne3 e5 26. Qd5 Rbd8 27. Qxf7+ Kxf7 28. a5 Ke6 29. c7 Rc8 30. b6 axb6 31. axb6 c4 32. Nxc4 Kd5 33. c3 Bxc3 34. Rc1 Kxc4 35. Rf3 Kb5 36. Rfxc3 Ka6 37. b7 1-0

[Event "USA tt"]
[Site "ICC INT"]
[Date "2009.09.21"]
[Round "4"]
[White "Liou, Yian"]
[Black "Pasalic, Mehmed"]
[Result "1-0"]
[WhiteElo "2134"]
[BlackElo "2343"]
[PlyCount "85"]
[EventDate "2009.08.31"]
[EventType "team (rapid)"]
[EventRounds "10"]
[EventCountry "USA"]
[SourceTitle "CBM 132 Extra"]
[Source "ChessBase"]
[SourceDate "2009.11.03"]
[SourceVersion "1"]
[SourceVersionDate "2009.11.03"]
[SourceQuality "1"]

1. e4 c5 2. Nf3 d6 3. d4 cxd4 4. Nxd4 Nf6 5. Nc3 Bd7 6. Be2 Nc6 7. Bg5 Qa5 8. Bxf6 gxf6 9. Nb3 Qg5 10. g3 f5 11. f4 Qg7 12. exf5 Bxf5 13. Bb5 a6 14. Bxc6+ bxc6 15. Qe2 Qg4 16. Qg2 Bd7 17. Nd4 Bg7 18. Qe4 0-0 19. Kf2 f5 20. Qd3 e5 21. Nde2 d5 22. h3 Qg6 23. fxe5 Bxe5 24. Nf4 Qd6 25. Nce2 d4 26. b4 a5 27. Qc4+ Kh8 28. a3 Bc8 29. Rad1 axb4 30. axb4 Ba6 31. Qe6 Qc7 32. Rhe1 Rae8 33. Qh6 Rf6 34. Qh5 Rg8 35. Qf3 Bb7 36. Qb3 Qb6 37. Nd3 Bd6 38. Nef4 Ba6 39. Re6 Rxe6 40. Qxe6 Bxf4 41. Qf6+ Rg7 42. gxf4 Bxd3 43. Rg1 1-0

[Event "USA tt"]
[Site "ICC INT"]
[Date "2009.09.02"]
[Round "1"]
[White "Adamson, Robby"]
[Black "Pasalic, Mehmed"]
[Result "1-0"]
[WhiteElo "2302"]
[BlackElo "2343"]
[PlyCount "95"]
[EventDate "2009.08.31"]
[EventType "team (rapid)"]
[EventRounds "10"]
[EventCountry "USA"]
[SourceTitle "CBM 132 Extra"]
[Source "ChessBase"]
[SourceDate "2009.11.03"]
[SourceVersion "1"]
[SourceVersionDate "2009.11.03"]
[SourceQuality "1"]

1. e4 c5 2. Nf3 d6 3. d4 cxd4 4. Nxd4 Nf6 5. Nc3 Nc6 6. Bg5 e6 7. Qd2 a6 8. 0-0-0 Bd7 9. f4 Qc7 10. Be2 Be7 11. Nb3 0-0-0 12. Bxf6 gxf6 13. Bh5 Rhf8 14. Kb1 Kb8 15. Rhf1 Bc8 16. Qe1 b5 17. Rf3 Bb7 18. Rh3 Rc8 19. Bf3 Rh8 20. Rh5 Na7 21. Qf2 h6 22. a3 Qd8 23. Qe3 Qc7 24. f5 Bf8 25. fxe6 fxe6 26. Nd4 Re8 27. Bg4 Bc8 28. Qh3 Qf7 29. Nce2 Bg7 30. Qb3 Rhf8 31. Qb4 Qc7 32. Nb3 f5 33. exf5 exf5 34. Bf3 Be5 35. Ned4 Rf6 36. Rd3 Qc4 37. Qd2 Bd7 38. Rc3 Qf1+ 39. Ka2 Qg1 40. Rd3 Rc8 41. Qa5 d5 42. Qd2 Rc7 43. Ne2 Qb6 44. Rxd5 Qe6 45. Ned4 Qe8 46. Rxh6 Rc4 47. Rxf6 Bxf6 48. Qf4+ 1-0

[Event "USA tt"]
[Site "ICC INT"]
[Date "2008.09.22"]
[Round "5"]
[White "Kaufman, Raymond"]
[Black "Pasalic, Mehmed"]
[Result "1/2-1/2"]
[WhiteElo "2360"]
[BlackElo "2401"]
[PlyCount "140"]
[EventDate "2008.10.22"]
[EventType "team"]
[EventRounds "10"]
[EventCountry "USA"]
[SourceTitle "CBM 126 Extra"]
[Source "ChessBase"]
[SourceDate "2008.11.05"]
[SourceVersion "1"]
[SourceVersionDate "2008.11.05"]
[SourceQuality "1"]

1. d4 Nf6 2. c4 e6 3. Nf3 Bb4+ 4. Nbd2 b6 5. a3 Bxd2+ 6. Bxd2 Bb7 7. Bg5 d6 8. e3 Nbd7 9. Be2 h6 10. Bh4 Nf8 11. 0-0 Ng6 12. Bg3 0-0 13. Nd2 e5 14. b4 Qe7 15. Re1 Rfe8 16. Qc2 h5 17. h3 h4 18. Bh2 Nh7 19. dxe5 dxe5 20. c5 Qg5 21. Ne4 Qe7 22. Rac1 Ng5 23. c6 Bc8 24. Nc3 Nxh3+ 25. gxh3 Bxh3 26. Kh1 Rad8 27. Rg1 Qe6 28. Nb5 Re7 29. Bf3 a6 30. Nc3 f5 31. e4 Rf7 32. exf5 Bxf5 33. Be4 Rd4 34. Qe2 Ne7 35. b5 axb5 36. Bxf5 Rxf5 37. Nxb5 Qd5+ 38. f3 Rd2 39. Qc4 Qxc4 40. Rxc4 Rxf3 41. Rcg4 Nxc6 42. Rxg7+ Kf8 43. Nxc7 Rh3 44. Ne6+ Ke8 45. R7g2 Rxg2 46. Kxg2 Rxa3 47. Rb1 Kd7 48. Ng5 Ra8 49. Nf3 Ra2+ 50. Kh3 Rf2 51. Nxe5+ Nxe5 52. Bxe5 Kc6 53. Kxh4 b5 54. Kg3 Rf7 55. Bf4 Kc5 56. Kf3 b4 57. Ke4 Kc4 58. Be5 Re7 59. Rc1+ Kb3 60. Rc8 Ka2 61. Ra8+ Kb3 62. Kd5 Kc2 63. Ra2+ Kd3 64. Rb2 Rxe5+ 65. Kxe5 Kc3 66. Rh2 b3 67. Rh3+ Kc2 68. Kd4 b2 69. Rh2+ Kb3 70. Rxb2+ Kxb2 1/2-1/2

[Event "Chicago North Am 12th"]
[Site "Chicago"]
[Date "2008.06.27"]
[Round "9"]
[White "Arnold, Marc Tyler"]
[Black "Pasalic, Mehmed"]
[Result "1/2-1/2"]
[WhiteElo "2276"]
[BlackElo "2392"]
[PlyCount "30"]
[EventDate "2008.06.21"]
[EventType "tourn"]
[EventRounds "9"]
[EventCountry "USA"]
[EventCategory "3"]
[SourceTitle "CBM 125 Extra"]
[Source "ChessBase"]
[SourceDate "2008.09.01"]
[SourceVersion "1"]
[SourceVersionDate "2008.09.01"]
[SourceQuality "1"]

1. d4 d5 2. c4 c6 3. cxd5 cxd5 4. Nc3 Nc6 5. Nf3 Nf6 6. Bf4 Bf5 7. e3 e6 8. Bd3 Bxd3 9. Qxd3 Bd6 10. Bxd6 Qxd6 11. 0-0 0-0 12. Rac1 Rac8 13. Ra1 Ra8 14. Rac1 Rac8 15. Ra1 Ra8 1/2-1/2

[Event "Chicago North Am 11th"]
[Site "Chicago"]
[Date "2008.05.17"]
[Round "3"]
[White "Pasalic, Mehmed"]
[Black "Bartell, Thomas"]
[Result "1/2-1/2"]
[WhiteElo "2392"]
[BlackElo "2365"]
[PlyCount "58"]
[EventDate "2008.05.17"]
[EventType "tourn"]
[EventRounds "9"]
[EventCountry "USA"]
[EventCategory "3"]
[SourceTitle "CBM 124 Extra"]
[Source "ChessBase"]
[SourceDate "2008.07.03"]
[SourceVersion "1"]
[SourceVersionDate "2008.07.03"]
[SourceQuality "1"]

1. e4 c5 2. Nf3 g6 3. d4 cxd4 4. Nxd4 Bg7 5. Nc3 Nc6 6. Nb3 Nf6 7. Be2 0-0 8. 0-0 d6 9. Bg5 a6 10. Re1 b5 11. Bf1 Bb7 12. Nd5 Re8 13. a4 b4 14. Qd2 Rb8 15. Nxf6+ exf6 16. Bf4 f5 17. exf5 Bxb2 18. Rxe8+ Qxe8 19. Re1 Be5 20. Bxe5 dxe5 21. Nc5 Rd8 22. Qh6 Bc8 23. Ne4 Qe7 24. Ng5 Qf6 25. Qxh7+ Kf8 26. fxg6 Qxg6 27. Qxg6 fxg6 28. f3 Rd2 29. Bd3 Bf5 1/2-1/2

[Event "Chicago North Am 11th"]
[Site "Chicago"]
[Date "2008.05.17"]
[Round "7"]
[White "Tate, Emory"]
[Black "Pasalic, Mehmed"]
[Result "1/2-1/2"]
[WhiteElo "2378"]
[BlackElo "2392"]
[PlyCount "21"]
[EventDate "2008.05.17"]
[EventType "tourn"]
[EventRounds "9"]
[EventCountry "USA"]
[EventCategory "3"]
[SourceTitle "CBM 124 Extra"]
[Source "ChessBase"]
[SourceDate "2008.07.03"]
[SourceVersion "1"]
[SourceVersionDate "2008.07.03"]
[SourceQuality "1"]

1. d4 d6 2. Nf3 Nf6 3. g3 g6 4. Nc3 Bg7 5. h3 Nbd7 6. e4 e5 7. dxe5 dxe5 8. a4 0-0 9. Be3 Qe7 10. a5 Nc5 11. Nd5 1/2-1/2

[Event "Chicago North Am 10th"]
[Site "Chicago"]
[Date "2008.04.25"]
[Round "9"]
[White "Pasalic, Mehmed"]
[Black "Shankar, Gauri"]
[Result "1/2-1/2"]
[WhiteElo "2392"]
[BlackElo "2219"]
[PlyCount "233"]
[EventDate "2008.04.19"]
[EventType "tourn"]
[EventRounds "9"]
[EventCountry "USA"]
[EventCategory "2"]
[SourceTitle "CBM 123 Extra"]
[Source "ChessBase"]
[SourceDate "2008.05.06"]
[SourceVersion "1"]
[SourceVersionDate "2008.05.06"]
[SourceQuality "1"]

1. e4 e5 2. Nf3 Nf6 3. d3 Nc6 4. Be2 d5 5. Nbd2 g6 6. 0-0 Bg7 7. c3 0-0 8. b4 a6 9. Re1 b6 10. Bb2 Re8 11. Qc2 Bb7 12. Bf1 Qd7 13. a3 Rad8 14. Rad1 dxe4 15. dxe4 Qe7 16. Bc4 Nh5 17. Bd5 Nf4 18. c4 Ba8 19. Nb3 Nd4 20. Nbxd4 exd4 21. Bxa8 d3 22. Qd2 Ne2+ 23. Kf1 Bxb2 24. Qxb2 Rxa8 25. Rxd3 Nf4 26. Rc3 Rad8 27. Qc2 Qe6 28. h3 Rd7 29. e5 Red8 30. Kg1 c5 31. Qe4 cxb4 32. axb4 Nd3 33. Re3 Nxb4 34. Ng5 Qe7 35. Qh4 h5 36. e6 Rd1+ 37. Kh2 f5 38. Qg3 R8d6 39. Nf7 Rxe6 40. Ne5 Qd6 41. f4 Rd4 42. Rb3 a5 43. Qf3 Kg7 44. g4 g5 45. gxf5 Rxf4 46. c5 Qd2+ 47. Re2 Rxf3 48. Rxd2 Rxb3 49. fxe6 Re3 50. Nc4 Rxe6 51. cxb6 Nc6 52. b7 Re8 53. Rd6 Rb8 54. Rxc6 Rxb7 55. Nxa5 Rb2+ 56. Kg1 Rb4 57. Rc3 Rh4 58. Nc6 g4 59. hxg4 Rxg4+ 60. Kh2 Ra4 61. Kh3 Kf6 62. Rc5 Kg6 63. Ne5+ Kf6 64. Nc4 Kg6 65. Kh4 Ra1 66. Ne5+ Kf5 67. Nf3+ Ke4 68. Ng5+ Kd4 69. Ne6+ Ke4 70. Kxh5 Ra8 71. Kg6 Rg8+ 72. Kf6 Ra8 73. Rc4+ Kd3 74. Rh4 Ra5 75. Ke7 Ke3 76. Kd6 Ra1 77. Kd5 Ra5+ 78. Nc5 Ra8 79. Rh3+ Kf4 80. Nd3+ Kg4 81. Re3 Ra5+ 82. Kd4 Ra8 83. Ne5+ Kf5 84. Rf3+ Ke6 85. Nc6 Rh8 86. Rf4 Rh5 87. Re4+ Kd6 88. Ne5 Ke6 89. Nc4+ Kd7 90. Rg4 Rh1 91. Ne3 Rh6 92. Rg5 Rd6+ 93. Nd5 Kc6 94. Kc4 Rh6 95. Ne7+ Kb6 96. Rb5+ Kc7 97. Nd5+ Kc8 98. Kc5 Ra6 99. Rb2 Rh6 100. Re2 Rh7 101. Re8+ Kb7 102. Re6 Rd7 103. Rb6+ Kc8 104. Rc6+ Kb7 105. Re6 Rh7 106. Rb6+ Kc8 107. Nf6 Rh6 108. Rd6 Rh1 109. Rc6+ Kb7 110. Rb6+ Kc7 111. Nd5+ Kd7 112. Rd6+ Ke8 113. Rf6 Kd7 114. Rd6+ Ke8 115. Rf6 Kd7 116. Rd6+ Ke8 117. Rf6 1/2-1/2

[Event "Chicago North Am 10th"]
[Site "Chicago"]
[Date "2008.04.21"]
[Round "5"]
[White "Young, Angelo"]
[Black "Pasalic, Mehmed"]
[Result "1/2-1/2"]
[WhiteElo "2381"]
[BlackElo "2392"]
[PlyCount "28"]
[EventDate "2008.04.19"]
[EventType "tourn"]
[EventRounds "9"]
[EventCountry "USA"]
[EventCategory "2"]
[SourceTitle "CBM 123 Extra"]
[Source "ChessBase"]
[SourceDate "2008.05.06"]
[SourceVersion "1"]
[SourceVersionDate "2008.05.06"]
[SourceQuality "1"]

1. d4 Nf6 2. c4 g6 3. Nc3 Bg7 4. e4 d6 5. f3 0-0 6. Be3 e5 7. d5 Nh5 8. Qd2 Qh4+ 9. Qf2 Qd8 10. Qd2 Qh4+ 11. Bf2 Qe7 12. Be3 Qh4+ 13. Bf2 Qe7 14. Be3 Qh4+ 1/2-1/2

[Event "Chicago North Am 09th"]
[Site "Chicago"]
[Date "2008.03.27"]
[Round "8"]
[White "Pasalic, Mehmed"]
[Black "Arjun, Vishnuvardhan"]
[Result "1-0"]
[WhiteElo "2395"]
[BlackElo "2392"]
[PlyCount "103"]
[EventDate "2008.03.22"]
[EventType "tourn"]
[EventRounds "9"]
[EventCountry "USA"]
[EventCategory "3"]
[SourceTitle "CBM 123 Extra"]
[Source "ChessBase"]
[SourceDate "2008.05.06"]
[SourceVersion "1"]
[SourceVersionDate "2008.05.06"]
[SourceQuality "1"]

1. e4 c5 2. Nf3 Nc6 3. Bb5 e6 4. 0-0 Nge7 5. Re1 a6 6. Bf1 d5 7. exd5 Qxd5 8. Nc3 Qd8 9. d3 Nf5 10. Ne4 Be7 11. c3 b6 12. a3 a5 13. a4 0-0 14. Bf4 Qd5 15. Ned2 f6 16. Nc4 Bd8 17. Ne3 Nxe3 18. fxe3 e5 19. e4 Qd6 20. Bg3 Be6 21. Nd2 Bc7 22. b3 Rad8 23. Qc2 Ne7 24. Rad1 Qc6 25. Nc4 Rd7 26. Ne3 Rfd8 27. Be2 Ng6 28. c4 Nf4 29. Nd5 Rf7 30. Bf3 Bc8 31. Rb1 Ne6 32. Bg4 Nd4 33. Qd1 Bd6 34. Bxc8 Rxc8 35. Rf1 Rcf8 36. Bf2 Ne6 37. Be3 Nc7 38. g4 Nxd5 39. cxd5 Qd7 40. Qf3 g6 41. Kh1 f5 42. gxf5 gxf5 43. Bh6 Re8 44. Rg1+ Kh8 45. Rbf1 Bf8 46. Qh5 Bxh6 47. Qxh6 Ref8 48. Qe6 Qe8 49. Rxf5 Rxf5 50. exf5 Qf7 51. d6 Qb7+ 52. Rg2 1-0

[Event "Chicago North Am 09th"]
[Site "Chicago"]
[Date "2008.03.23"]
[Round "3"]
[White "Tsyganov, Igor M"]
[Black "Pasalic, Mehmed"]
[Result "0-1"]
[WhiteElo "2260"]
[BlackElo "2395"]
[PlyCount "86"]
[EventDate "2008.03.22"]
[EventType "tourn"]
[EventRounds "9"]
[EventCountry "USA"]
[EventCategory "3"]
[SourceTitle "CBM 123 Extra"]
[Source "ChessBase"]
[SourceDate "2008.05.06"]
[SourceVersion "1"]
[SourceVersionDate "2008.05.06"]
[SourceQuality "1"]

1. d4 g6 2. Nf3 Bg7 3. e4 d6 4. c4 e5 5. Be2 Nc6 6. Bg5 Nge7 7. dxe5 dxe5 8. Qxd8+ Nxd8 9. Nc3 c6 10. 0-0-0 Ne6 11. Be3 0-0 12. c5 Nf4 13. Bxf4 exf4 14. Kc2 b6 15. h3 Rb8 16. Rd6 bxc5 17. Bc4 Bxc3 18. bxc3 Kg7 19. a4 h6 20. a5 g5 21. Ne5 Rb7 22. Rhd1 Rc7 23. Nd3 f3 24. gxf3 Bxh3 25. Nxc5 Ng6 26. Rd8 Rxd8 27. Rxd8 Ne5 28. Be2 Bg2 29. a6 h5 30. Rb8 h4 31. Rb7 Rc8 32. f4 h3 33. fxe5 h2 34. Rb1 h1Q 35. Rxh1 Bxh1 36. Bg4 Re8 37. e6 fxe6 38. Nxe6+ Kf6 39. Nc5 Bxe4+ 40. Nxe4+ Rxe4 41. Bf3 Rf4 42. Bxc6 Rxf2+ 43. Kd3 g4 0-1

[Event "Chicago North Am 06th"]
[Site "Chicago"]
[Date "2007.11.03"]
[Round "9"]
[White "Chow, Albert"]
[Black "Pasalic, Mehmed"]
[Result "0-1"]
[WhiteElo "2214"]
[BlackElo "2407"]
[PlyCount "70"]
[EventDate "2007.10.06"]
[EventType "tourn"]
[EventRounds "9"]
[EventCountry "USA"]
[EventCategory "3"]
[SourceTitle "EXT 2008"]
[Source "ChessBase"]
[SourceDate "2007.11.25"]
[SourceVersion "1"]
[SourceVersionDate "2007.11.25"]
[SourceQuality "1"]

1. e4 c5 2. Nf3 e6 3. d4 cxd4 4. Nxd4 a6 5. Bd3 Qc7 6. 0-0 Nf6 7. Qe2 d6 8. c4 Be7 9. Nc3 Nbd7 10. f4 Nc5 11. Bc2 e5 12. Nf5 Bxf5 13. exf5 h5 14. fxe5 dxe5 15. Bg5 Ncd7 16. Ba4 0-0-0 17. Bxd7+ Rxd7 18. Bxf6 gxf6 19. Rad1 Bc5+ 20. Kh1 Bd4 21. Ne4 Qb6 22. b3 Kb8 23. Rd3 Rdd8 24. Rh3 Qc6 25. Rh4 Bb6 26. Rd1 Rxd1+ 27. Qxd1 Rd8 28. Qxh5 Qd7 29. g3 Qd4 30. c5 Bxc5 31. Nxc5 Qa1+ 32. Kg2 Rd2+ 33. Kf3 Qf1+ 34. Ke4 Qe1+ 35. Kf3 Qe2# 0-1

[Event "Chicago North Am 06th"]
[Site "Chicago"]
[Date "2007.10.28"]
[Round "1"]
[White "Pasalic, Mehmed"]
[Black "Young, Angelo"]
[Result "1/2-1/2"]
[WhiteElo "2407"]
[BlackElo "2376"]
[PlyCount "40"]
[EventDate "2007.10.06"]
[EventType "tourn"]
[EventRounds "9"]
[EventCountry "USA"]
[EventCategory "3"]
[SourceTitle "EXT 2008"]
[Source "ChessBase"]
[SourceDate "2007.11.25"]
[SourceVersion "1"]
[SourceVersionDate "2007.11.25"]
[SourceQuality "1"]

1. e4 c5 2. Nf3 e6 3. d4 cxd4 4. Nxd4 Qb6 5. Nb3 Qc7 6. Bd3 b6 7. 0-0 Bb7 8. Nc3 a6 9. f4 Nc6 10. Be3 Rb8 11. Qe2 Nb4 12. a3 Nxd3 13. cxd3 Nf6 14. Rac1 Qd8 15. h3 Be7 16. Qf2 Bc6 17. Nd4 0-0 18. Rfd1 Ba8 19. b4 Ne8 20. Nb1 f5 1/2-1/2

[Event "Chicago North Am 04th"]
[Site "Chicago"]
[Date "2007.??.??"]
[Round "6"]
[White "Pasalic, Mehmed"]
[Black "Turgut, Tansel"]
[Result "1-0"]
[WhiteElo "2390"]
[BlackElo "2260"]
[PlyCount "107"]
[EventDate "2007.??.??"]
[EventType "tourn"]
[EventRounds "9"]
[EventCountry "USA"]
[EventCategory "2"]
[SourceTitle "EXT 2010"]
[Source "ChessBase"]
[SourceDate "2010.11.25"]
[SourceVersion "1"]
[SourceVersionDate "2010.11.25"]
[SourceQuality "1"]

1. e4 e5 2. Nf3 Nc6 3. Bb5 a6 4. Ba4 d6 5. Bxc6+ bxc6 6. d4 f6 7. 0-0 g6 8. b3 Nh6 9. dxe5 fxe5 10. Bg5 Qd7 11. Qd2 Nf7 12. Be3 Bg7 13. c4 c5 14. Nc3 Nd8 15. Nd5 Rb8 16. Qa5 Rb7 17. Rad1 Nc6 18. Qd2 0-0 19. Ne1 Nd4 20. f4 Qe8 21. Nd3 c6 22. Nc3 Rbf7 23. Rf2 exf4 24. Bxf4 Qe7 25. Re1 Ne6 26. Be3 Qh4 27. Rxf7 Rxf7 28. Bf2 Rxf2 29. Nxf2 Be5 30. Ne2 Bxh2+ 31. Kf1 Ng7 32. Qd3 Nh5 33. Qf3 Be5 34. Rd1 g5 35. Rxd6 Bxd6 36. e5 Bf8 37. g3 Qh2 38. Qxc6 Bh3+ 39. Ke1 Nxg3 40. Qd5+ Kg7 41. Qb7+ Kg6 42. Qc6+ Kg7 43. Qf6+ Kg8 44. e6 Bxe6 45. Qxe6+ Kg7 46. Qe5+ Kg6 47. Nxg3 Qg1+ 48. Ke2 Qb1 49. Qe6+ Kg7 50. Nf5+ Kh8 51. Qf6+ Kg8 52. Qe6+ Kh8 53. Qf7 Qc2+ 54. Kf1 1-0

[Event "US Open-107"]
[Site "Chicago"]
[Date "2006.08.12"]
[Round "8"]
[White "Pasalic, Mehmed"]
[Black "Aradhyula, Vaishnav"]
[Result "1-0"]
[WhiteElo "2413"]
[BlackElo "2134"]
[PlyCount "101"]
[EventDate "2006.08.05"]
[EventType "swiss"]
[EventRounds "9"]
[EventCountry "USA"]
[SourceTitle "CBM 113 Extra"]
[Source "ChessBase"]
[SourceDate "2006.09.14"]
[SourceVersion "1"]
[SourceVersionDate "2006.09.14"]
[SourceQuality "1"]

1. c4 Nf6 2. Nf3 g6 3. g3 Bg7 4. Bg2 c5 5. 0-0 0-0 6. Nc3 Nc6 7. d4 cxd4 8. Nxd4 Nxd4 9. Qxd4 d6 10. Qh4 a6 11. Bh6 Qc7 12. Bxg7 Kxg7 13. Rac1 Rb8 14. Rfd1 b6 15. Nd5 Nxd5 16. cxd5 Qd8 17. Rc3 Bb7 18. Qd4+ f6 19. Bh3 Bc8 20. Bxc8 Rxc8 21. Rdc1 Rc5 22. b4 Rxc3 23. Rxc3 a5 24. b5 Qa8 25. Rc6 Rb8 26. a4 Qa7 27. Kg2 Qb7 28. Qc4 Qa7 29. h3 Rb7 30. e4 Qb8 31. Rc8 Qa7 32. Qc6 Rd7 33. Ra8 Qb7 34. Rc8 Qa7 35. h4 Qb7 36. f4 Qa7 37. g4 Qb7 38. Kg3 Qa7 39. h5 Qb7 40. hxg6 Kxg6 41. Kh4 Kf7 42. g5 Qa7 43. Kg4 Qb7 44. e5 fxe5 45. fxe5 Qxc6 46. bxc6 Ra7 47. e6+ Kg7 48. Rb8 Rc7 49. Kf5 Ra7 50. Rb7 Ra8 51. Rxe7+ 1-0

[Event "US Open-107"]
[Site "Chicago"]
[Date "2006.08.10"]
[Round "6"]
[White "Pasalic, Mehmed"]
[Black "Batochir, Gunsen"]
[Result "0-1"]
[WhiteElo "2413"]
[BlackElo "2204"]
[PlyCount "117"]
[EventDate "2006.08.05"]
[EventType "swiss"]
[EventRounds "9"]
[EventCountry "USA"]
[SourceTitle "CBM 113 Extra"]
[Source "ChessBase"]
[SourceDate "2006.09.14"]
[SourceVersion "1"]
[SourceVersionDate "2006.09.14"]
[SourceQuality "1"]

1. Nf3 f5 2. d4 Nf6 3. g3 g6 4. Bg2 Bg7 5. c4 0-0 6. 0-0 d6 7. Nc3 Qe8 8. d5 a5 9. Rb1 Na6 10. Nd4 Nc5 11. Ndb5 Qd8 12. Be3 Nce4 13. Nxe4 Nxe4 14. Bd4 Nf6 15. Qd3 Bd7 16. Nc3 c6 17. Rfd1 c5 18. Be3 h6 19. f4 Qe8 20. Bd2 Qf7 21. b3 h5 22. e4 Ng4 23. Ne2 h4 24. Rf1 hxg3 25. Qxg3 fxe4 26. Bxe4 Bf5 27. Bxf5 Qxf5 28. Rbe1 Rf7 29. Nc3 Bd4+ 30. Kg2 Rh7 31. h3 Nf6 32. Rf3 a4 33. Qg5 axb3 34. Qxf5 gxf5 35. axb3 Bxc3 36. Bxc3 Ra2+ 37. Kh1 Ne4 38. Ree3 Rh6 39. Be1 Rg6 40. b4 Rag2 41. Rf1 cxb4 42. Rb3 Re2 43. Rb1 Re3 44. Kh2 b3 45. Rb2 Kf7 46. Rh1 Ng3 47. Bf2 Rc3 48. Rhb1 Ne4 49. Be1 Rxc4 50. Rxb3 Rc2+ 51. Kh1 Rcg2 52. R3b2 Rg1+ 53. Kh2 Rf1 54. Rg2 Nc5 55. Re2 Rgg1 56. h4 Ne4 57. Re3 Rh1+ 58. Kg2 Rfg1+ 59. Kf3 0-1

[Event "US Open-107"]
[Site "Chicago"]
[Date "2006.08.09"]
[Round "5"]
[White "Luchan, Jason"]
[Black "Pasalic, Mehmed"]
[Result "0-1"]
[WhiteElo "2127"]
[BlackElo "2413"]
[PlyCount "96"]
[EventDate "2006.08.05"]
[EventType "swiss"]
[EventRounds "9"]
[EventCountry "USA"]
[SourceTitle "CBM 113 Extra"]
[Source "ChessBase"]
[SourceDate "2006.09.14"]
[SourceVersion "1"]
[SourceVersionDate "2006.09.14"]
[SourceQuality "1"]

1. e4 c5 2. Nf3 d6 3. Bb5+ Bd7 4. Bxd7+ Qxd7 5. 0-0 Nc6 6. c3 Nf6 7. Qe2 e6 8. d4 cxd4 9. cxd4 d5 10. e5 Ng8 11. Nc3 Nge7 12. Be3 Nc8 13. Rac1 Bb4 14. a3 Bxc3 15. Rxc3 Nb6 16. Nd2 0-0 17. f4 Rfc8 18. g4 Ne7 19. Rfc1 Na4 20. Rxc8+ Rxc8 21. Rxc8+ Nxc8 22. b3 Nab6 23. Nb1 Ne7 24. Qd3 f5 25. g5 Qe8 26. Qe2 Ng6 27. Kf2 h6 28. Qh5 Kh7 29. Qe2 Nc8 30. Nd2 hxg5 31. Qh5+ Kg8 32. Qxg5 Nce7 33. Qh5 Qc6 34. Qd1 Qc3 35. Nb1 Qb2+ 36. Kg3 Nh4 37. Qd2 Qxb1 38. Kxh4 Qxb3 39. Qc1 Qc4 40. Qd2 b6 41. Kg3 Qb3 42. Qc1 Qc4 43. Qd2 Nc6 44. Kf2 Na5 45. Qb4 Qxb4 46. axb4 Nc4 47. Bc1 a5 48. bxa5 bxa5 0-1

[Event "Schaumburg IM-C"]
[Site "Schaumburg"]
[Date "2006.04.20"]
[Round "6"]
[White "Pasalic, Mehmed"]
[Black "Chow, Albert"]
[Result "1-0"]
[WhiteElo "2363"]
[BlackElo "2220"]
[PlyCount "53"]
[EventDate "2006.04.18"]
[EventType "tourn"]
[EventRounds "9"]
[EventCountry "USA"]
[EventCategory "3"]
[SourceTitle "CBM 111 Extra"]
[Source "ChessBase"]
[SourceDate "2006.05.09"]
[SourceVersion "1"]
[SourceVersionDate "2006.05.09"]
[SourceQuality "1"]

1. c4 c5 2. Nc3 Nf6 3. e4 Nc6 4. Nge2 d6 5. d3 g6 6. g3 Bg7 7. Bg2 0-0 8. h3 Ne8 9. Be3 Nd4 10. 0-0 Nc7 11. Rb1 a5 12. f4 f5 13. Kh2 Rb8 14. Nd5 Nce6 15. Ng1 b5 16. b3 Bd7 17. Re1 Re8 18. Bf2 Nc6 19. g4 Ned4 20. Bh4 bxc4 21. dxc4 a4 22. gxf5 gxf5 23. Nf3 axb3 24. axb3 fxe4 25. Nxd4 Nxd4 26. Bxe4 Kh8 27. Qh5 1-0

[Event "Schaumburg IM-C"]
[Site "Schaumburg"]
[Date "2006.04.19"]
[Round "3"]
[White "Sorkin, Igor"]
[Black "Pasalic, Mehmed"]
[Result "1/2-1/2"]
[WhiteElo "2356"]
[BlackElo "2363"]
[PlyCount "65"]
[EventDate "2006.04.18"]
[EventType "tourn"]
[EventRounds "9"]
[EventCountry "USA"]
[EventCategory "3"]
[SourceTitle "CBM 111 Extra"]
[Source "ChessBase"]
[SourceDate "2006.05.09"]
[SourceVersion "1"]
[SourceVersionDate "2006.05.09"]
[SourceQuality "1"]

1. d4 Nf6 2. c4 g6 3. Nc3 Bg7 4. e4 d6 5. Nf3 0-0 6. Be2 e5 7. 0-0 Nbd7 8. Qc2 c6 9. Rd1 Qe7 10. d5 c5 11. g3 Kh8 12. Bg5 a6 13. Nh4 Qe8 14. Be3 Ng8 15. f3 Bh6 16. Bf2 Ne7 17. Bd3 Bg5 18. b4 b6 19. Rab1 Bxh4 20. gxh4 f5 21. a4 Nf6 22. a5 cxb4 23. Rxb4 bxa5 24. Rb6 fxe4 25. Nxe4 Nxe4 26. fxe4 Qd7 27. Rf1 g5 28. h5 Rf4 29. Bg3 Qc7 30. Bxf4 gxf4 31. c5 Bh3 32. Rf2 Rg8+ 33. Kh1 1/2-1/2

[Event "Chicago op 13th"]
[Site "Chicago"]
[Date "2004.05.29"]
[Round "2"]
[White "Goldin, Alexander"]
[Black "Pasalic, Mehmed"]
[Result "1-0"]
[WhiteElo "2611"]
[BlackElo "2360"]
[PlyCount "81"]
[EventDate "2004.05.28"]
[EventType "swiss"]
[EventRounds "7"]
[EventCountry "USA"]
[SourceTitle "CBM 100 Extra"]
[Source "ChessBase"]
[SourceDate "2004.07.06"]
[SourceVersion "2"]
[SourceVersionDate "2004.07.06"]
[SourceQuality "1"]

1. d4 Nf6 2. c4 e6 3. Nf3 d5 4. Nc3 Be7 5. Bg5 c6 6. e3 Nbd7 7. Rc1 0-0 8. Bd3 a6 9. a4 dxc4 10. Bxc4 b5 11. Bd3 b4 12. Bxf6 gxf6 13. Ne4 f5 14. Nc5 Nxc5 15. dxc5 Bf6 16. Qe2 Bxb2 17. Qxb2 Qxd3 18. Ne5 Qe4 19. 0-0 f6 20. Nc4 e5 21. Nd6 Qd3 22. Qxb4 Be6 23. Qb7 f4 24. Qe7 Bg4 25. exf4 exf4 26. Rc4 Rab8 27. Rxf4 Qxf1+ 28. Kxf1 Rb1+ 29. Qe1 Rxe1+ 30. Kxe1 Be6 31. Rb4 Bd5 32. f3 a5 33. Rb7 h5 34. h4 f5 35. Kd2 f4 36. Kc3 Rf6 37. Re7 Rg6 38. Re2 Rg7 39. Rb2 Re7 40. Rb8+ Kh7 41. Rb7 1-0